Language Quiz

Random Language Quiz

6-Letter Name-a-grams (A-E Matching) Quiz Stats

 Plays Quiz not verified by Sporcle

Support Sporcle.
Go Orange.
Score 0/31 Timer 04:00
0 Plays Today
% Correct
Carrie
100%
Clover
100%
Delora
100%
Dennis
100%
Andrew
96.9%
Anisah
96.9%
Bonita
96.9%
Carlee
96.9%
Claire
96.9%
Daniel
96.9%
Elmira
96.9%
Alfred
93.8%
Barney
93.8%
Blaise
93.8%
Carole
93.8%
Casper
93.8%
% Correct
Conrad
93.8%
Curtis
93.8%
Damien
93.8%
Dustin
93.8%
Elvira
93.8%
Carina
90.6%
Carson
90.6%
Declan
90.6%
Dwayne
90.6%
Ernest
90.6%
Adrien
87.5%
Aileen
87.5%
Antero
87.5%
Arline
81.3%
Eliana
81.3%

You're not logged in!

Compare scores with friends on all Sporcle quizzes.
OR
Log In

From the Vault

Most Recent US President

by gwukelic

Entering 'Washington' probably won't fly as an answer here.
Remove Ads.
Support Sporcle.
Get the best of Sporcle when you Go Orange. This ad-free experience offers more features, more stats, and more fun while also helping to support Sporcle. Thank you for becoming a member.

Show Comments

Extras

Created Jan 31, 2016ReportNominate
Tags:anagrams, First Names

Top Quizzes Today


Score Distribution

Your Account Isn't Verified!

In order to create a playlist on Sporcle, you need to verify the email address you used during registration. Go to your Sporcle Settings to finish the process.

Report this User

Report this user for behavior that violates our Community Guidelines.

Details: